00360nam a2200121Ia 4500008004000000020001800040082001800058100001900076245002300095260003600118300001400154650007000168210210b2003 xxu||||| |||| 00| 0 eng d a81 7648 456 3 a346.0134 KANW aKANT (Anjani). aWomen and the law. aNew DelhibNot Mentionedc2003 axxxvi,503 aStatus Women Position Constitution Indian Marital Rights Property